000
00327nam a22001457a 4500
999
_c
9867
_d
9867
003
OSt
005
20210204165622.0
008
210129b ||||| |||| 00| 0 eng d
040
_c
DDC
050
_b
R514T
082
_b
R514T
100
_a
Richards, Lawrence O.
245
_a
A theology of Christian education
942
_2
ddc
_c
BK